00488nam a2200193 a 4500001001300000003000900013005001700022008004100039020001000080082001300090100002100103245003900124260003700163300000900200500003500209505001000244650001900254700002100273nice12345678IN_TiNIC20260116011531.0050524s1930 lona grp 000 0 eng  ac10000a241bGAR aGarvie, Alfred E aChristian Ideal for Human Society. aLondonbHodder & Stoughtonc1930 a477p aincludes index and biblioraphy2 aIndex aTheology-Moral1 aGarvie, Alfred E